Accountability educacional: posibilidades y desafíos para América Latina a partir de la experiencia internacional

Enregistré dans:
Détails bibliographiques
Auteurs principaux: Manno, Bruno V. (autor), Puryear, jeffrey M (Auteur), Winkler, Donald R (Auteur), Winters, Marcus A (Auteur)
Autres auteurs: McMeekin, R. W. (autor)
Format: Livre
Langue:espagnol
Publié: Santiago CIDE 2006
Édition:1a. ed
Sujets:
Tags: Ajouter un tag
Pas de tags, Soyez le premier à ajouter un tag!

MARC

LEADER 00000cam a2200000 a 4500
001 UCI6579
003 CL-VaPUC
008 080516e20060000CL |||||||||||||||||spa|d
020 |a 9568109021 
082 0 4 |a 371.206  |b MAN  |2 21 
100 |a Manno, Bruno V.  |e autor  |9 529505 
700 |a McMeekin, R. W.  |e autor  |9 529506 
700 0 |a Puryear, jeffrey M  |e author  |9 529507 
700 0 |a Winkler, Donald R  |e author  |9 529508 
700 0 |a Winters, Marcus A  |e author  |9 529509 
245 1 0 |a Accountability educacional: posibilidades y desafíos para América Latina a partir de la experiencia internacional 
250 |a 1a. ed 
300 |a 138 p 
942 |c BK 
945 |d 20080516 00:00:00  |a rbrito 
260 |a Santiago  |b CIDE  |c 2006 
650 0 |a Administradores escolares   |9 308344 
650 0 |a Educación pública  |9 309676 
650 7 |a RENDICION DE CUENTAS  |2 CL-VaPUC  |9 402447 
650 0 |a Contabilidad financiera  |9 307017 
651 0 |a América Latina   |9 255027 
583 |a last modification  |c 20120120 02:00:07  |k Rodrigo Vera 
999 |c 330044  |d 330042 
952 |0 0  |1 0  |4 0  |6 371_206000000000000_MAN_2006  |7 0  |8 A  |9 415325  |a BIBEDU  |b BIBEDU  |d 2019-11-22  |i 4439872  |o 371.206 MAN 2006  |p 4439872  |r 2019-11-22  |w 2019-11-22  |y BK  |k EPE 
952 |0 0  |1 0  |4 0  |6 371_206000000000000_MAN_2006  |7 0  |8 A  |9 415326  |a BIBEDU  |b BIBEDU  |d 2019-11-22  |i 4839080  |o 371.206 MAN 2006  |p 4839080  |r 2019-11-22  |w 2019-11-22  |y BK  |k EPE